La indisciplina escolar como un síntoma : (Record no. 30174)

MARC details
000 -CABECERA
campo de control de longitud fija 00669nam a2200205 a 4500
005 - FECHA Y HORA DE LA ÚLTIMA TRANSACCIÓN
campo de control 20240809063725.0
008 - ELEMENTOS DE LONGITUD FIJA--INFORMACIÓN GENERAL
campo de control de longitud fija 991125s1993 ag 000 0 spa u
035 ## - NÚMERO DE CONTROL DEL SISTEMA
Número de control de sistema UPN01000030174
049 ## - COLECCIÓN
Colección F
050 #4 - SIGNATURA TOPOGRÁFICA DE LA BIBLIOTECA DEL CONGRESO
Número de clasificación LB1715
Número de documento/Ítem L55 no.13
100 1# - ASIENTO PRINCIPAL--NOMBRE PERSONAL
Nombre de persona Pérez Alvarez, Sergio
9 (RLIN) 28611
245 13 - MENCIÓN DE TÍTULO
Título La indisciplina escolar como un síntoma :
Resto del título ¿cómo actuar en la escuela? /
Mención de responsabilidad, etc. Sergio Pérez Alvarez.
260 ## - PUBLICACIÓN, DISTRIBUCIÓN, ETC.
Lugar de publicación, distribución, etc. Argentina :
Nombre del editor, distribuidor, etc. Braga,
Fecha de publicación, distribución, etc. [1993].
300 ## - DESCRIPCIÓN FÍSICA
Extensión 36 p.
440 #0 - MENCIÓN DE SERIE/ASIENTO SECUNDARIO--TÍTULO
Título Lineamientos.
Nombre de parte o sección de la obra Cuadernos de orientación educativa ;
Designación de volumen o secuencia 13
650 #4 - ASIENTO SECUNDARIO DE MATERIA - TERMINO TEMATICO
Término de materia o nombre geográfico como elemento de entrada Conducta infantil
9 (RLIN) 5683
650 #4 - ASIENTO SECUNDARIO DE MATERIA - TERMINO TEMATICO
Término de materia o nombre geográfico como elemento de entrada Disciplina de niños
9 (RLIN) 14102
650 #4 - ASIENTO SECUNDARIO DE MATERIA - TERMINO TEMATICO
Término de materia o nombre geográfico como elemento de entrada Disciplina escolar
9 (RLIN) 1521
905 ## - TIPO DE MATERIAL
Tipo de material Libro
Holdings
Estado de retiro Estado de pérdida Fuente del sistema de clasificación o colocación Estado dañado No para préstamo Código de colección Localización permanente Ubicación/localización actual Ubicación en estantería Fecha de adquisición Total de préstamos Clasificación Código de barras Fecha visto por última vez Número de copia Tipo de ítem Koha
    Library of Congress Classification   Extraviado Folletería Bib. Gregorio Torres Quintero Bib. Gregorio Torres Quintero Folletos 09/05/2023 2 LB1715 L55 no.13 7846F 31/12/2020 1 Libro
    Library of Congress Classification   Disponible (Préstamo en sala) Folletería Bib. Gregorio Torres Quintero Bib. Gregorio Torres Quintero Colecciones especiales Planta alta 04/05/2023   LB1715 L55 no.13 150758 31/12/2020 1 Folleto